Mutációs operátorok vizsgálata az ekvivalens mutánsok tekintetében

Elmentve itt :
Bibliográfiai részletek
Szerző: Vakula Mariann
További közreműködők: Beszédes Árpád (Témavezető)
Dokumentumtípus: Szakdolgozat
Megjelent: 2018
Kulcsszavak:Mutáns
Ekvivalens mutáns
Mutációs tesztelés
Mutációs operátor
Java
Tárgyszavak:
Online Access:http://diploma.bibl.u-szeged.hu/73066
LEADER 01176nta a2200277 i 4500
001 dipl73066
005 20240416121141.0
008 190927s2018 hu om 0|| hun d
040 |a SZTE Diploma Repozitórium  |b hun 
041 |a hun 
100 1 |a Vakula Mariann 
245 1 0 |a Mutációs operátorok vizsgálata az ekvivalens mutánsok tekintetében  |h [elektronikus dokumentum] /  |c Mariann Vakula 
246 1 0 |a Investigation of the effect of mutation operators on equivalent mutants  |h [elektronikus dokumentum] 
260 |c 2018 
650 4 |a Természettudományok 
650 4 |a Natural sciences 
650 4 |a Computer and information sciences 
695 |a Mutáns 
695 |a Ekvivalens mutáns 
695 |a Mutációs tesztelés 
695 |a Mutációs operátor 
695 |a Java 
700 0 1 |a Beszédes Árpád  |e ths 
856 4 0 |u https://diploma.bibl.u-szeged.hu/id/eprint/73066/1/2018_Vakula_Mariann_FE54QZ_SZ.pdf  |z Dokumentum-elérés  
856 4 0 |u https://diploma.bibl.u-szeged.hu/id/eprint/73066/7/2018_vakula_mariann.zip  |z Dokumentum-elérés  
856 4 0 |u https://diploma.bibl.u-szeged.hu/id/eprint/73066/8/2018_vakula_mariann_biralati_lap.pdf  |z Dokumentum-elérés